Land market and E-services in Bulgaria
Bulharsko čelilo a stále čelí mnohým výzvam v prístupovom procese do EÚ. Rozvoj trhu s pôdou je jednou z nich. Napriek dosiahnutému pokroku, ceny pôdy sú ešte stále nižšie ako priemerné ceny v EÚ, dôvody tohto stavu. Článok predstavuje koncepciu e-služieb, ktorá by mohla prispieť k riešeniu problémo...
Enregistré dans:
| Auteur principal: | |
|---|---|
| Format: | Chapitre de livre |
| Langue: | anglais |
| Sujets: | |
| Tags: |
Pas de tags, Soyez le premier à ajouter un tag!
|
MARC
| LEADER | 00000naa$a2200000$$$4500 | ||
|---|---|---|---|
| 001 | 0057182 | ||
| 005 | 20231128141211.4 | ||
| 041 | 0 | |a eng | |
| 044 | |a CZ | ||
| 245 | 1 | 0 | |a Land market and E-services in Bulgaria |c Daniela Stoyneva |
| 520 | |a Bulharsko čelilo a stále čelí mnohým výzvam v prístupovom procese do EÚ. Rozvoj trhu s pôdou je jednou z nich. Napriek dosiahnutému pokroku, ceny pôdy sú ešte stále nižšie ako priemerné ceny v EÚ, dôvody tohto stavu. Článok predstavuje koncepciu e-služieb, ktorá by mohla prispieť k riešeniu problémov. | ||
| 610 | 2 | 0 | |a pôda poľnohospodárska |
| 610 | 2 | 0 | |a trh |
| 610 | 2 | 0 | |a ceny |
| 610 | 2 | 0 | |a prenájom |
| 610 | 2 | 0 | |a Bulharsko |
| 610 | 2 | 0 | |a počítače |
| 100 | 1 | |a Stoyneva, Daniela | |